| 000 | 00456nam a22001577a 4500 | ||
|---|---|---|---|
| 003 | SGT | ||
| 020 | _a9788120336476 | ||
| 082 | _a621.3 | ||
| 100 | _aDESPANDE,M.V. | ||
| 245 | _aELEMENTS OF ELECTRICAL POWER STATION DESIGN | ||
| 260 |
_aNEW DELHI _bPHI _c2015 |
||
| 300 | _a438 | ||
| 650 | _aELECTRICAL ENGINEERING | ||
| 653 | _aPOWER STATION,GAS TURBINE AND COMBINED CYCLES, NUCLEAR STATIONS,DIESEL,STEAM, GAS TURBINE-ELECTRICAL STATION | ||
| 942 |
_2ddc _cBK |
||
| 999 |
_c8197 _d8197 |
||